[Event "Madrid-chT 1819"]
[Site "Madrid"]
[Date "2019.02.24"]
[Round "11.6"]
[White "Marquez Leon, Juan Antonio"]
[Black "Anton Veiga, Juan Carlos"]
[Result "1/2-1/2"]
[WhiteElo "1795"]
[BlackElo "2083"]
[PlyCount "37"]
[EventDate "2018.11.17"]
[EventType "team-tourn"]
[EventRounds "14"]
[EventCountry "ESP"]
[SourceTitle "CBM 189 Extra"]
[Source "ChessBase"]
[SourceDate "2019.06.03"]
[SourceVersion "1"]
[SourceVersionDate "2019.06.03"]
[SourceQuality "1"]
[WhiteTeam "Blanco y Negro"]
[BlackTeam "San Sebastian de los Reyes"]
[WhiteTeamCountry "ESP"]
[BlackTeamCountry "ESP"]

1. d4 f5 2. Nf3 Nf6 3. g3 g6 4. Bg2 Bg7 5. c3 0-0 6. Bf4 e6 7. Qc1 Re8 8. Bh6 Nc6 9. Bxg7 Kxg7 10. 0-0 e5 11. Nxe5 Nxe5 12. dxe5 Rxe5 13. e3 d6 14. Nd2 Qe8 15. Rd1 Rb8 16. Nf3 Re7 17. Qc2 Bd7 18. Nd4 Ne4 19. Rac1 1/2-1/2

[Event "Tres Cantos op 9th"]
[Site "Tres Cantos"]
[Date "2017.06.29"]
[Round "8"]
[White "Anton Veiga, Juan Carlos"]
[Black "Del Noval Nemeshazi, Nesztor"]
[Result "1-0"]
[WhiteElo "2096"]
[BlackElo "1902"]
[PlyCount "79"]
[EventDate "2017.06.22"]
[EventType "swiss"]
[EventRounds "9"]
[EventCountry "ESP"]
[SourceTitle "EXT 2019"]
[Source "ChessBase"]
[SourceDate "2018.10.10"]
[SourceVersion "1"]
[SourceVersionDate "2018.10.10"]
[SourceQuality "1"]

1. e4 c5 2. Nf3 d6 3. d4 cxd4 4. Nxd4 Nf6 5. Nc3 a6 6. Bg5 e6 7. f4 Qc7 8. Bxf6 gxf6 9. Qf3 h5 10. 0-0-0 Bd7 11. f5 Be7 12. g3 Nc6 13. Bh3 Nxd4 14. Rxd4 0-0-0 15. Rhd1 Kb8 16. Bf1 Qa5 17. Bc4 Rc8 18. Bb3 b5 19. Kb1 b4 20. Ne2 Rc5 21. fxe6 fxe6 22. Nc1 e5 23. Rxd6 Bg4 24. Qf1 Bxd1 25. Rxd1 Qb5 26. Qf5 a5 27. Rd7 Rc7 28. Rd5 Qa6 29. Ba4 Rhc8 30. Qxh5 b3 31. c3 bxa2+ 32. Kxa2 Qc4+ 33. Bb3 Qxe4 34. Rxa5 Ra7 35. Rxa7 Kxa7 36. Qf7 Rc7 37. Bd5 Qc2 38. Qe8 Ka6 39. Nb3 Ra7 40. Qc6# 1-0

[Event "Tres Cantos op 9th"]
[Site "Tres Cantos"]
[Date "2017.06.26"]
[Round "5"]
[White "Paarup, Torsten"]
[Black "Anton Veiga, Juan Carlos"]
[Result "1/2-1/2"]
[WhiteElo "2033"]
[BlackElo "2096"]
[PlyCount "48"]
[EventDate "2017.06.22"]
[EventType "swiss"]
[EventRounds "9"]
[EventCountry "ESP"]
[SourceTitle "EXT 2019"]
[Source "ChessBase"]
[SourceDate "2018.10.10"]
[SourceVersion "1"]
[SourceVersionDate "2018.10.10"]
[SourceQuality "1"]

1. e4 c5 2. a3 Nc6 3. b4 cxb4 4. axb4 Nxb4 5. d4 d5 6. c3 Nc6 7. exd5 Qxd5 8. Na3 e6 9. Nb5 Bd6 10. Bc4 Qe4+ 11. Ne2 Bb8 12. 0-0 Nge7 13. Re1 0-0 14. Nf4 Qf5 15. Bd3 Qf6 16. Nh5 Qh4 17. g3 Qh3 18. Nf4 Bxf4 19. Bxf4 Nd5 20. Bd2 Rd8 21. Be4 a6 22. Na3 Nce7 23. Bg2 Qf5 24. Be4 Qh3 1/2-1/2

[Event "Tres Cantos op 9th"]
[Site "Tres Cantos"]
[Date "2017.06.25"]
[Round "4"]
[White "Anton Veiga, Juan Carlos"]
[Black "Perez Gonzalez, Jose Manuel"]
[Result "0-1"]
[WhiteElo "2096"]
[BlackElo "2330"]
[PlyCount "70"]
[EventDate "2017.06.22"]
[EventType "swiss"]
[EventRounds "9"]
[EventCountry "ESP"]
[SourceTitle "EXT 2019"]
[Source "ChessBase"]
[SourceDate "2018.10.10"]
[SourceVersion "1"]
[SourceVersionDate "2018.10.10"]
[SourceQuality "1"]

1. e4 c5 2. Nf3 d6 3. d4 cxd4 4. Nxd4 Nf6 5. Nc3 e6 6. g4 Nc6 7. g5 Nd7 8. Be3 Be7 9. h4 a6 10. Qe2 Qc7 11. 0-0-0 b5 12. f4 Bb7 13. f5 Nxd4 14. Bxd4 Ne5 15. fxe6 fxe6 16. Bh3 b4 17. Bxe5 dxe5 18. Nb1 Qc6 19. Nd2 Rc8 20. Nb3 Qxe4 21. Qxe4 Bxe4 22. Rh2 Bf5 23. Bxf5 exf5 24. Rd5 0-0 25. Rf2 Rce8 26. Ra5 h6 27. gxh6 gxh6 28. Rxa6 Bxh4 29. Rg2+ Bg5+ 30. Kd1 Kg7 31. Nc5 Rf6 32. Ra7+ Kg6 33. a4 e4 34. Rb7 f4 35. Rxb4 f3 0-1

[Event "Madrid-ch"]
[Site "Madrid"]
[Date "2017.06.10"]
[Round "6"]
[White "Pastor Alonso de Prado, Emilio Alberto"]
[Black "Anton Veiga, Juan Carlos"]
[Result "1-0"]
[WhiteElo "2169"]
[BlackElo "2096"]
[PlyCount "57"]
[EventDate "2017.06.05"]
[EventType "swiss"]
[EventRounds "7"]
[EventCountry "ESP"]
[SourceTitle "CBM 179 Extra"]
[Source "ChessBase"]
[SourceDate "2017.08.23"]
[SourceVersion "1"]
[SourceVersionDate "2017.08.23"]
[SourceQuality "1"]

1. e4 c5 2. c3 Nf6 3. e5 Nd5 4. d4 cxd4 5. Nf3 e6 6. cxd4 b6 7. Nc3 Nxc3 8. bxc3 Qc7 9. Bd2 d6 10. Bd3 Nd7 11. Ng5 Bb7 12. Qh5 g6 13. Qh3 Bg7 14. 0-0 dxe5 15. Rae1 Nf8 16. Bb5+ Ke7 17. dxe5 Rd8 18. Qh4 f6 19. Bc1 Rd5 20. exf6+ Bxf6 21. Ba3+ Rc5 22. Qg4 Qd6 23. Bxc5 bxc5 24. Ne4 Bxe4 25. Rxe4 Bxc3 26. Qf3 Bf6 27. Rd1 Qb6 28. Rf4 e5 29. Rxf6 1-0

[Event "Madrid-ch"]
[Site "Madrid"]
[Date "2017.06.08"]
[Round "4"]
[White "Prieto Martin, Alfonso"]
[Black "Anton Veiga, Juan Carlos"]
[Result "1-0"]
[WhiteElo "2210"]
[BlackElo "2096"]
[PlyCount "69"]
[EventDate "2017.06.05"]
[EventType "swiss"]
[EventRounds "7"]
[EventCountry "ESP"]
[SourceTitle "CBM 179 Extra"]
[Source "ChessBase"]
[SourceDate "2017.08.23"]
[SourceVersion "1"]
[SourceVersionDate "2017.08.23"]
[SourceQuality "1"]

1. e4 c5 2. c3 Nf6 3. e5 Nd5 4. d4 cxd4 5. Nf3 e6 6. Bc4 Nb6 7. Bb3 d6 8. 0-0 Be7 9. cxd4 0-0 10. Qe2 Nc6 11. Rd1 d5 12. Nc3 f5 13. exf6 Bxf6 14. Ne5 Nxe5 15. dxe5 Be7 16. Bc2 g6 17. Rd3 Rf7 18. b3 Qf8 19. Be3 Bd7 20. Bd4 Rc8 21. Rg3 Bh4 22. Rh3 Be7 23. Rd1 Bc5 24. Qe3 Be8 25. Ne2 Nd7 26. f4 b6 27. g4 Bxd4 28. Nxd4 Rxf4 29. Bf5 Rxf5 30. gxf5 exf5 31. e6 Nc5 32. Qe5 Qe7 33. Rg3 Ne4 34. Nxf5 Qf6 35. Qxf6 1-0

[Event "Madrid-ch"]
[Site "Madrid"]
[Date "2017.06.06"]
[Round "2"]
[White "Correas Gonzalez, Jose Ramon"]
[Black "Anton Veiga, Juan Carlos"]
[Result "0-1"]
[WhiteElo "2055"]
[BlackElo "2096"]
[PlyCount "68"]
[EventDate "2017.06.05"]
[EventType "swiss"]
[EventRounds "7"]
[EventCountry "ESP"]
[SourceTitle "CBM 179 Extra"]
[Source "ChessBase"]
[SourceDate "2017.08.23"]
[SourceVersion "1"]
[SourceVersionDate "2017.08.23"]
[SourceQuality "1"]

1. e4 c5 2. Nf3 d6 3. d4 cxd4 4. Nxd4 Nf6 5. Nc3 Nc6 6. Bc4 Qb6 7. Nb3 e6 8. Be3 Qd8 9. Qe2 a6 10. a4 Ne5 11. a5 Nxc4 12. Qxc4 Bd7 13. Bb6 Qc8 14. Qd3 Be7 15. f4 0-0 16. 0-0-0 Bc6 17. Nd4 Nd7 18. e5 d5 19. g4 Nxb6 20. axb6 Bd7 21. f5 Qc5 22. Rhf1 Rfc8 23. f6 Bf8 24. fxg7 Bxg7 25. Rxf7 Kxf7 26. Qxh7 Rf8 27. Nf5 exf5 28. gxf5 Qe3+ 29. Kb1 Qh6 30. e6+ Ke8 31. Qxh6 Bxh6 32. Nxd5 Bc6 33. Nc7+ Ke7 34. Nxa8 Rxa8 0-1

[Event "Madrid-ch sf"]
[Site "Madrid"]
[Date "2017.04.04"]
[Round "7"]
[White "Anton Veiga, Juan Carlos"]
[Black "Torres Bosch, Jose Francisco"]
[Result "1/2-1/2"]
[WhiteElo "2089"]
[BlackElo "2154"]
[PlyCount "33"]
[EventDate "2017.03.27"]
[EventType "swiss"]
[EventRounds "9"]
[EventCountry "ESP"]
[SourceTitle "CBM 177 Extra"]
[Source "ChessBase"]
[SourceDate "2017.04.27"]
[SourceVersion "1"]
[SourceVersionDate "2017.04.27"]
[SourceQuality "1"]

1. e4 c5 2. Nf3 d6 3. d4 cxd4 4. Nxd4 Nf6 5. Nc3 a6 6. h3 e5 7. Nde2 Be6 8. g4 d5 9. exd5 Nxd5 10. Bg2 Bb4 11. 0-0 Bxc3 12. Nxc3 Nxc3 13. Qxd8+ Kxd8 14. bxc3 Kc7 15. Re1 Nc6 16. Bxc6 Kxc6 17. Rxe5 1/2-1/2

[Event "Madrid Chamartin op 4th"]
[Site "Madrid"]
[Date "2015.09.11"]
[Round "8"]
[White "Vazquez Igarza, Renier"]
[Black "Anton Veiga, Juan Carlos"]
[Result "1-0"]
[WhiteElo "2560"]
[BlackElo "2051"]
[PlyCount "91"]
[EventDate "2015.09.06"]
[EventType "swiss"]
[EventRounds "9"]
[EventCountry "ESP"]
[SourceTitle "EXT 2016"]
[Source "ChessBase"]
[SourceDate "2015.10.08"]
[SourceVersion "1"]
[SourceVersionDate "2015.10.08"]
[SourceQuality "1"]

1. d4 d5 2. Nf3 Nf6 3. c4 e6 4. Bg5 Be7 5. Nc3 0-0 6. e3 h6 7. Bh4 Ne4 8. Bxe7 Qxe7 9. Qc2 Nxc3 10. Qxc3 Bd7 11. cxd5 exd5 12. Bd3 c6 13. 0-0 a5 14. Ne5 Rd8 15. Rae1 f6 16. Ng6 Qb4 17. Qc2 Be8 18. a3 Qd6 19. Nh4 Bf7 20. Nf5 Qf8 21. e4 g6 22. Ng3 dxe4 23. Nxe4 Nd7 24. Bc4 f5 25. Bxf7+ Kxf7 26. Nd2 Kg7 27. Qb3 Rab8 28. Nf3 Nf6 29. Re5 Nd5 30. Rfe1 Rd6 31. Nd2 Rf6 32. Qg3 Rd8 33. h4 Kh7 34. Nc4 a4 35. Qf3 Rd7 36. g3 Rd8 37. Kh2 Rf7 38. h5 g5 39. Qd3 Kh8 40. R5e2 Nf6 41. Re6 Qg7 42. Nd6 Rfd7 43. Nxf5 Qf7 44. Kg2 Nxh5 45. Rxh6+ Kg8 46. Ree6 1-0

[Event "Madrid Chamartin op 4th"]
[Site "Madrid"]
[Date "2015.09.08"]
[Round "4"]
[White "Anton Veiga, Juan Carlos"]
[Black "Longa Yauca, Javier"]
[Result "1-0"]
[WhiteElo "2051"]
[BlackElo "2267"]
[PlyCount "105"]
[EventDate "2015.09.06"]
[EventType "swiss"]
[EventRounds "9"]
[EventCountry "ESP"]
[SourceTitle "EXT 2016"]
[Source "ChessBase"]
[SourceDate "2015.10.08"]
[SourceVersion "1"]
[SourceVersionDate "2015.10.08"]
[SourceQuality "1"]

1. e4 Nf6 2. Nc3 Nc6 3. d4 d6 4. Nf3 Bg4 5. Be3 e5 6. Bb5 exd4 7. Qxd4 Bd7 8. Bxc6 bxc6 9. 0-0 Be7 10. h3 0-0 11. Rad1 Ne8 12. Rfe1 a5 13. b3 h6 14. Bc1 Qc8 15. Bb2 Be6 16. Na4 Qb7 17. Qd2 c5 18. c4 c6 19. Bc3 Qa6 20. Re3 Ra7 21. Rd3 Kh7 22. g4 Rg8 23. Nh2 g5 24. Nf1 Qb7 25. Ng3 Bf8 26. Nh5 Rg6 27. f3 Be7 28. Kg2 Qc8 29. Qe2 Qa8 30. R1d2 Qc8 31. Ng3 Bf8 32. Rd1 Kg8 33. Nf5 Qc7 34. Ba1 Kh7 35. Qb2 Rg8 36. Qd2 Qb8 37. Rh1 d5 38. cxd5 cxd5 39. exd5 Bxf5 40. gxf5 Nd6 41. Nxc5 Nxf5 42. Ne4 Rg6 43. Rd1 Raa6 44. Kh1 Qc8 45. Qc3 Qxc3 46. Rxc3 a4 47. Rc7 axb3 48. Rxf7+ Bg7 49. Bxg7 Nxg7 50. axb3 Kg8 51. Rb7 Nf5 52. Rc1 Ra8 53. Rc5 1-0

[Event "Tres Cantos op 5th"]
[Site "Tres Cantos"]
[Date "2013.06.25"]
[Round "5"]
[White "Cano Cabanillas, Javier"]
[Black "Anton Veiga, Juan Carlos"]
[Result "1/2-1/2"]
[WhiteElo "1991"]
[BlackElo "2111"]
[PlyCount "71"]
[EventDate "2013.06.21"]
[EventType "swiss"]
[EventRounds "9"]
[EventCountry "ESP"]
[SourceTitle "EXT 2014"]
[Source "ChessBase"]
[SourceDate "2013.11.20"]
[SourceVersion "1"]
[SourceVersionDate "2013.11.20"]
[SourceQuality "1"]

1. e4 c5 2. Nf3 d6 3. d4 cxd4 4. Nxd4 Nf6 5. Nc3 Nc6 6. Bg5 Qb6 7. Be3 a6 8. Qd2 Nxd4 9. Bxd4 Qa5 10. 0-0-0 Be6 11. Bxf6 gxf6 12. Kb1 Rc8 13. Nd5 Qxd2 14. Rxd2 Bh6 15. Rd3 f5 16. exf5 Bxf5 17. Rc3 Rxc3 18. Nxc3 Rg8 19. g3 Bd2 20. Bd3 Bxd3 21. cxd3 Kd7 22. Kc2 Bh6 23. Re1 e6 24. Re4 Bg5 25. Rb4 Kc7 26. Rc4+ Kb8 27. h4 Be7 28. Rf4 f5 29. d4 Kc7 30. d5 Kd7 31. dxe6+ Kxe6 32. Rf3 Rg4 33. Re3+ Kd7 34. Nd5 Bd8 35. Rd3 Re4 36. Rf3 1/2-1/2

[Event "Tres Cantos op 5th"]
[Site "Tres Cantos"]
[Date "2013.06.22"]
[Round "2"]
[White "Anton Veiga, Juan Carlos"]
[Black "Pindado del Carmen, Eliseo"]
[Result "1-0"]
[WhiteElo "2111"]
[BlackElo "1598"]
[PlyCount "104"]
[EventDate "2013.06.21"]
[EventType "swiss"]
[EventRounds "9"]
[EventCountry "ESP"]
[SourceTitle "EXT 2014"]
[Source "ChessBase"]
[SourceDate "2013.11.20"]
[SourceVersion "1"]
[SourceVersionDate "2013.11.20"]
[SourceQuality "1"]

1. e4 c5 2. Nf3 e6 3. d4 cxd4 4. Nxd4 a6 5. Bd3 Qc7 6. 0-0 Nc6 7. c3 Nf6 8. Kh1 d6 9. a4 Be7 10. Nd2 d5 11. Nxc6 bxc6 12. Qe2 Bd6 13. exd5 cxd5 14. Nf3 Bf4 15. a5 0-0 16. Ra4 e5 17. Bxf4 exf4 18. Qd2 Nh5 19. Bc2 Bd7 20. Rd4 Be6 21. Ng5 g6 22. Bd1 Ng7 23. Ra4 h6 24. Nf3 g5 25. Nd4 Bd7 26. Ra3 Be6 27. Bc2 Qc8 28. Qd3 f5 29. Re1 Ra7 30. Nxe6 Nxe6 31. Qxd5 Rf6 32. Bb3 Kg7 33. Raa1 Rd7 34. Qe5 Nc5 35. Bc2 Rdf7 36. Rad1 Kg6 37. Rd6 Rxd6 38. Qxd6+ Rf6 39. Qe7 Rf7 40. Qe5 Rf6 41. Rd1 Ne6 42. Qd5 Nc5 43. h3 h5 44. Qf3 Qc7 45. Qa8 Ne4 46. Bxe4 fxe4 47. Qxe4+ Kh6 48. Rd5 Qb7 49. Qe5 Rg6 50. Qh8+ Qh7 51. Qxh7+ Kxh7 52. Rd7+ Kh6 1-0

[Event "Madrid Oliver Gonzalez Memorial-A 3rd"]
[Site "Madrid"]
[Date "2012.09.06"]
[Round "6"]
[White "Anton Veiga, Juan Carlos"]
[Black "Solaesa Navalpotro, Luis Julio"]
[Result "0-1"]
[WhiteElo "2126"]
[BlackElo "2235"]
[PlyCount "120"]
[EventDate "2012.09.01"]
[EventType "swiss"]
[EventRounds "9"]
[EventCountry "ESP"]
[SourceTitle "CBM 150 Extra"]
[Source "ChessBase"]
[SourceDate "2012.10.19"]
[SourceVersion "1"]
[SourceVersionDate "2012.10.19"]
[SourceQuality "1"]

1. e4 c6 2. Nf3 d5 3. Nc3 Bg4 4. h3 Bxf3 5. Qxf3 e6 6. d4 dxe4 7. Nxe4 Qxd4 8. Be3 Qd8 9. Rd1 Nd7 10. Bc4 Ngf6 11. 0-0 Be7 12. Nxf6+ Bxf6 13. Bd4 Qc7 14. Qa3 Bxd4 15. Rxd4 Nf6 16. Rfd1 Qe7 17. Qe3 0-0 18. Bd3 c5 19. Rh4 Rad8 20. Re1 g6 21. Qh6 Rd4 22. Rxd4 cxd4 23. a3 Rd8 24. Qf4 Kg7 25. g4 Qd6 26. Qg5 Rc8 27. Qe5 Qxe5 28. Rxe5 h6 29. f4 Rd8 30. Kf2 Nd7 31. Rb5 b6 32. Rb4 Nc5 33. Rc4 g5 34. fxg5 hxg5 35. b4 Nxd3+ 36. cxd3 Rd7 37. Rc6 Kf6 38. Kf3 Ke5 39. Rc8 f6 40. Rc6 Rh7 41. Kg3 f5 42. gxf5 exf5 43. Rg6 Rc7 44. Rxg5 Rc3 45. h4 Rxd3+ 46. Kg2 Kf4 47. Rg7 Rxa3 48. h5 d3 49. h6 d2 50. Rd7 Rg3+ 51. Kh2 Rg6 52. Rxd2 Rxh6+ 53. Kg2 b5 54. Rd7 a6 55. Re7 Rc6 56. Ra7 Ke3 57. Re7+ Kd3 58. Rf7 Kc3 59. Rxf5 Kxb4 60. Kf2 Re6 0-1

[Event "Madrid Oliver Gonzalez Memorial-A 3rd"]
[Site "Madrid"]
[Date "2012.09.01"]
[Round "1"]
[White "Meszaros, Tamas"]
[Black "Anton Veiga, Juan Carlos"]
[Result "1-0"]
[WhiteElo "2428"]
[BlackElo "2126"]
[PlyCount "83"]
[EventDate "2012.09.01"]
[EventType "swiss"]
[EventRounds "9"]
[EventCountry "ESP"]
[SourceTitle "CBM 150 Extra"]
[Source "ChessBase"]
[SourceDate "2012.10.19"]
[SourceVersion "1"]
[SourceVersionDate "2012.10.19"]
[SourceQuality "1"]

1. e4 c5 2. Nf3 e6 3. d4 cxd4 4. Nxd4 Nc6 5. Nc3 a6 6. Be3 Nge7 7. Nb3 b5 8. a4 b4 9. a5 Ng6 10. Na4 d6 11. Nb6 Rb8 12. Nxc8 Qxc8 13. f4 Be7 14. Bd3 Bf6 15. Ra2 0-0 16. 0-0 Bd8 17. Qe2 Ra8 18. Qh5 Nge7 19. Rf3 g6 20. Qh6 f5 21. Ra1 fxe4 22. Rh3 Rf7 23. Bxe4 Nf5 24. Bxf5 exf5 25. Rd1 Qe6 26. Bf2 Bf6 27. Rhd3 Bg7 28. Qh3 Bf8 29. Nd4 Nxd4 30. Rxd4 Rc8 31. Qd3 Rfc7 32. Re1 Qa2 33. Rxb4 Rxc2 34. Qxa6 Rc1 35. Qe2 Bg7 36. a6 R1c2 37. Qe6+ Qxe6 38. Rxe6 Bxb2 39. a7 Rc1+ 40. Re1 Rxe1+ 41. Bxe1 Ba3 42. Rb8 1-0

[Event "San Sebastian de los Reyes op 12th"]
[Site "San Sebastian"]
[Date "2010.12.07"]
[Round "8"]
[White "Barez Menendez, Hector"]
[Black "Anton Veiga, Juan Carlos"]
[Result "1/2-1/2"]
[WhiteElo "2129"]
[BlackElo "2113"]
[PlyCount "66"]
[EventDate "2010.11.30"]
[EventType "swiss"]
[EventRounds "9"]
[EventCountry "ESP"]
[SourceTitle "CBM 139 Extra"]
[Source "ChessBase"]
[SourceDate "2011.01.05"]
[SourceVersion "1"]
[SourceVersionDate "2011.01.05"]
[SourceQuality "1"]

1. Nf3 f5 2. d4 Nf6 3. g3 g6 4. Bg2 Bg7 5. 0-0 0-0 6. c4 d6 7. Nc3 Nc6 8. d5 Ne5 9. Qb3 Nxf3+ 10. Bxf3 Kh8 11. Bg2 Rb8 12. Qc2 e5 13. dxe6 Bxe6 14. b3 Qd7 15. Bb2 f4 16. gxf4 Bh3 17. f3 Bxg2 18. Kxg2 Nh5 19. e3 Rbe8 20. Rae1 g5 21. fxg5 Rf5 22. f4 Qc6+ 23. e4 Rxf4 24. Rxf4 Nxf4+ 25. Kh1 Qd7 26. Nd5 Rf8 27. Nf6 Qh3 28. Qf2 Nd3 29. Qe2 Nxe1 30. Qxe1 Qf3+ 31. Kg1 h6 32. h4 Bxf6 33. Bxf6+ Rxf6 1/2-1/2

[Event "San Sebastian de los Reyes op 12th"]
[Site "San Sebastian"]
[Date "2010.12.03"]
[Round "4"]
[White "Esquivias Gomez, Francisco Javier"]
[Black "Anton Veiga, Juan Carlos"]
[Result "1/2-1/2"]
[WhiteElo "2015"]
[BlackElo "2113"]
[PlyCount "38"]
[EventDate "2010.11.30"]
[EventType "swiss"]
[EventRounds "9"]
[EventCountry "ESP"]
[SourceTitle "CBM 139 Extra"]
[Source "ChessBase"]
[SourceDate "2011.01.05"]
[SourceVersion "1"]
[SourceVersionDate "2011.01.05"]
[SourceQuality "1"]

1. Nf3 Nf6 2. c4 e6 3. g3 b6 4. Bg2 Bb7 5. 0-0 Be7 6. Nc3 0-0 7. d4 d6 8. Qc2 Nbd7 9. e4 e5 10. dxe5 Nxe5 11. Nxe5 dxe5 12. Rd1 Qc8 13. Nd5 Re8 14. Nxe7+ Rxe7 15. Bg5 Qe6 16. Bxf6 Qxf6 17. Rd3 g6 18. Rad1 Qe6 19. b3 Rae8 1/2-1/2

[Event "San Sebastian de los Reyes op 12th"]
[Site "San Sebastian"]
[Date "2010.11.30"]
[Round "1"]
[White "Penalba Blasco, Alvaro"]
[Black "Anton Veiga, Juan Carlos"]
[Result "0-1"]
[WhiteElo "1709"]
[BlackElo "2113"]
[PlyCount "58"]
[EventDate "2010.11.30"]
[EventType "swiss"]
[EventRounds "9"]
[EventCountry "ESP"]
[SourceTitle "CBM 139 Extra"]
[Source "ChessBase"]
[SourceDate "2011.01.05"]
[SourceVersion "1"]
[SourceVersionDate "2011.01.05"]
[SourceQuality "1"]

1. d4 Nf6 2. c4 e6 3. Nf3 b6 4. g3 Ba6 5. Qc2 Be7 6. Bg2 c6 7. 0-0 0-0 8. Nbd2 d5 9. Ne5 Nfd7 10. Ndf3 Nxe5 11. Nxe5 f6 12. Ng4 Bxc4 13. b3 Ba6 14. Bb2 Bb7 15. Rfc1 Nd7 16. Qd3 Bd6 17. Qe3 Qe7 18. Rc3 h5 19. Nh6+ gxh6 20. Qxh6 Qh7 21. Qe3 Rae8 22. Bh3 Kf7 23. Qf3 h4 24. Bg4 Rh8 25. Bc1 hxg3 26. h3 f5 27. fxg3 Nf6 28. Bg5 Ne4 29. Rd3 Nxg5 0-1

[Event "Tres Cantos op 1st"]
[Site "Tres Cantos"]
[Date "2009.06.12"]
[Round "7"]
[White "Perez Alvarez, Javier"]
[Black "Anton Veiga, Juan Carlos"]
[Result "1/2-1/2"]
[WhiteElo "1856"]
[BlackElo "2131"]
[PlyCount "44"]
[EventDate "2009.06.06"]
[EventType "swiss"]
[EventRounds "9"]
[EventCountry "ESP"]
[SourceTitle "EXT 2010"]
[Source "ChessBase"]
[SourceDate "2010.11.25"]
[SourceVersion "1"]
[SourceVersionDate "2010.11.25"]
[SourceQuality "1"]

1. e4 c5 2. Nf3 d6 3. d4 cxd4 4. Nxd4 Nf6 5. Nc3 g6 6. f4 Nc6 7. Nf3 Bg7 8. Bd3 Qb6 9. Na4 Qc7 10. Nc3 0-0 11. 0-0 a6 12. a4 Bd7 13. Qe1 Nb4 14. Kh1 Nxd3 15. cxd3 Bc6 16. Bd2 b6 17. e5 Nd5 18. e6 Nxc3 19. exf7+ Rxf7 20. Bxc3 Bxf3 21. Rxf3 Bxc3 22. bxc3 Qd7 1/2-1/2

[Event "Tres Cantos op 1st"]
[Site "Tres Cantos"]
[Date "2009.06.10"]
[Round "5"]
[White "Gomez Ledo, Roberto Carlos"]
[Black "Anton Veiga, Juan Carlos"]
[Result "1-0"]
[WhiteElo "2398"]
[BlackElo "2131"]
[PlyCount "47"]
[EventDate "2009.06.06"]
[EventType "swiss"]
[EventRounds "9"]
[EventCountry "ESP"]
[SourceTitle "EXT 2010"]
[Source "ChessBase"]
[SourceDate "2010.11.25"]
[SourceVersion "1"]
[SourceVersionDate "2010.11.25"]
[SourceQuality "1"]

1. d4 f5 2. Bg5 h6 3. Bh4 g5 4. e3 Nf6 5. Bg3 d6 6. h4 Bg7 7. Nc3 Nc6 8. hxg5 hxg5 9. Rxh8+ Bxh8 10. Nh3 g4 11. Nf4 Bg7 12. Bc4 e5 13. dxe5 Nxe5 14. Bb3 c6 15. Bh4 d5 16. Qd4 Qd6 17. 0-0-0 Nf7 18. Nfxd5 cxd5 19. Nxd5 Nh5 20. Nf6+ Qxf6 21. Bxf6 Nxf6 22. Qa4+ Ke7 23. Qb4+ Ke8 24. Ba4+ 1-0

[Event "San Sebastian Constitucion op 10th"]
[Site "San Sebastian"]
[Date "2008.12.04"]
[Round "5"]
[White "Anton Veiga, Juan Carlos"]
[Black "Morales, Jhon Alexander"]
[Result "0-1"]
[WhiteElo "2144"]
[BlackElo "2338"]
[PlyCount "58"]
[EventDate "2008.11.30"]
[EventType "swiss"]
[EventRounds "9"]
[EventCountry "ESP"]
[SourceTitle "CBM 127 Extra"]
[Source "ChessBase"]
[SourceDate "2009.01.08"]
[SourceVersion "2"]
[SourceVersionDate "2009.01.28"]
[SourceQuality "1"]

1. e4 c5 2. Nf3 Nc6 3. d4 cxd4 4. Nxd4 e6 5. Nc3 Qc7 6. Be2 a6 7. 0-0 Nf6 8. Be3 b5 9. Nxc6 dxc6 10. Bf3 Bd6 11. h3 0-0 12. Qe2 e5 13. Rfd1 Be6 14. Bg5 Be7 15. Rd2 h6 16. Bxf6 Bxf6 17. b3 Rad8 18. Rd3 Rd4 19. Bg4 Rfd8 20. Rad1 Kf8 21. g3 c5 22. Bxe6 fxe6 23. Kg2 c4 24. bxc4 bxc4 25. Rf3 Kg8 26. Rb1 Rd2 27. Qe3 Rxc2 28. Qb6 Qxb6 29. Rxb6 Rd3 0-1

[Event "Parla 25 Jubilee op"]
[Site "Parla"]
[Date "2008.09.12"]
[Round "7"]
[White "Anton Veiga, Juan Carlos"]
[Black "Prada Valderrey, Julian"]
[Result "1-0"]
[WhiteElo "2153"]
[BlackElo "1905"]
[PlyCount "47"]
[EventDate "2008.09.06"]
[EventType "swiss"]
[EventRounds "9"]
[EventCountry "ESP"]
[SourceTitle "CBM 126 Extra"]
[Source "ChessBase"]
[SourceDate "2008.11.05"]
[SourceVersion "1"]
[SourceVersionDate "2008.11.05"]
[SourceQuality "1"]

1. e4 e6 2. d4 d5 3. Nc3 Nf6 4. Bg5 Be7 5. Bxf6 Bxf6 6. Nf3 dxe4 7. Nxe4 Nd7 8. c3 b6 9. Bd3 Bb7 10. Qe2 Be7 11. Rd1 Qc8 12. 0-0 a5 13. Rfe1 h6 14. Bc2 Ra7 15. d5 Nf6 16. Ba4+ Kf8 17. Nxf6 gxf6 18. dxe6 fxe6 19. Bd7 Qd8 20. Nh4 Rg8 21. Bxe6 Bd6 22. Bxg8 Kxg8 23. Qh5 Be4 24. Rxe4 1-0

[Event "Galapagar op 09th"]
[Site "Galapagar"]
[Date "2008.07.24"]
[Round "6"]
[White "Anton Veiga, Juan Carlos"]
[Black "Baeza Escudero, Javier"]
[Result "1-0"]
[WhiteElo "2153"]
[BlackElo "1971"]
[PlyCount "81"]
[EventDate "2008.07.19"]
[EventType "swiss"]
[EventRounds "9"]
[EventCountry "ESP"]
[SourceTitle "EXT 2009"]
[Source "ChessBase"]
[SourceDate "2008.11.26"]
[SourceVersion "1"]
[SourceVersionDate "2008.11.26"]
[SourceQuality "1"]

1. e4 c5 2. Nf3 d6 3. d4 cxd4 4. Nxd4 Nf6 5. Nc3 a6 6. Be2 e5 7. Nb3 Be7 8. Bg5 Nc6 9. Bxf6 Bxf6 10. Nd5 Bg5 11. Qd3 Be6 12. Rd1 Rc8 13. c3 0-0 14. 0-0 f5 15. Bf3 g6 16. Ne3 Be7 17. exf5 Bxf5 18. Be4 Bd7 19. Nc5 dxc5 20. Qxd7 Qxd7 21. Rxd7 Bg5 22. Nc4 b5 23. Bd5+ Kh8 24. Nd6 Ne7 25. Nf7+ Rxf7 26. Bxf7 Kg7 27. Bd5 a5 28. g3 Rf8 29. Be4 Kf7 30. Rfd1 b4 31. Ra7 bxc3 32. bxc3 Rc8 33. h4 Bf6 34. Rxa5 g5 35. hxg5 Bxg5 36. Bxh7 Bf6 37. Be4 c4 38. Ra7 Ke6 39. Ra6+ Kf7 40. Rd7 Rb8 41. Rc7 1-0